[Event "Verbandsliga MV 2014-15"]
[Site "Mecklenburg-Vorpommern"]
[Date "2015.03.15"]
[Round "7.1"]
[White "Springer, Guido"]
[Black "Hornych, Christoph"]
[Result "0-1"]
[WhiteElo "1768"]
[BlackElo "2095"]
[PlyCount "50"]
[EventType "team-tourn"]
[EventRounds "9"]
[WhiteTeam "SV Gryps"]
[BlackTeam "SF Ostsee Warnemuende"]

1. e4 c6 2. d4 d5 3. e5 Bf5 4. Nf3 e6 5. Be2 c5 6. Be3 cxd4 7. Nxd4 Ne7 8. O-O
Nbc6 9. c4 Nxd4 10. Bxd4 Nc6 11. Qa4 dxc4 12. Bf3 Rc8 13. Bxa7 Be7 14. Qb5 Qc7
15. Bb6 Qb8 16. Nc3 O-O 17. Rfe1 Nb4 18. Be4 Rc6 19. a3 Nd3 20. Bxc6 bxc6 21.
Qa5 Qb7 22. Qa7 Rb8 23. Qxb7 Rxb7 24. Na4 Nxe1 25. Rxe1 Bc2 0-1

[Event "Verbandsliga MV 2014-15"]
[Site "Mecklenburg-Vorpommern"]
[Date "2015.03.15"]
[Round "7.2"]
[White "Ruesch, Hans Joachim"]
[Black "Windjaeger, Gerd"]
[Result "1/2-1/2"]
[WhiteElo "1976"]
[BlackElo "1945"]
[PlyCount "91"]
[EventType "team-tourn"]
[EventRounds "9"]
[WhiteTeam "SF Ostsee Warnemuende"]
[BlackTeam "SV Gryps"]

1. d4 d5 2. Nf3 Bf5 3. c4 c6 4. Nc3 e6 5. e3 Nf6 6. Bd3 Bxd3 7. Qxd3 Nbd7 8.
O-O Be7 9. b3 O-O 10. e4 dxe4 11. Nxe4 Nxe4 12. Qxe4 Qc7 13. Bf4 Bd6 14. Bxd6
Qxd6 15. Rad1 Nf6 16. Qe3 a5 17. Ne5 b5 18. Rd3 a4 19. Qg5 h6 20. Qe3 axb3 21.
axb3 Nd7 22. Qe4 Ra6 23. c5 Qc7 24. Ng4 Qd8 25. Rh3 Re8 26. Qf4 Nf8 27. Ne5 f6
28. Ng4 Ra7 29. Rg3 Kh8 30. Ne3 Qc7 31. Qh4 Qd8 32. Rd1 Nh7 33. f4 Rd7 34. Qg4
Ree7 35. Nc2 f5 36. Qf3 Rd5 37. Qe3 Qd7 38. Rd3 Nf6 39. Nb4 Ne4 40. Rf3 Qc8 41.
Nxd5 exd5 42. b4 Qe8 43. Qc1 Ng3 44. hxg3 Re1+ 45. Rf1 Rxc1 46. Rxc1 1/2-1/2

[Event "Verbandsliga MV 2014-15"]
[Site "Mecklenburg-Vorpommern"]
[Date "2015.03.15"]
[Round "7.3"]
[White "Mauser, Tassilo Tino"]
[Black "Schumacher, Dirk"]
[Result "1-0"]
[WhiteElo "1682"]
[BlackElo "1955"]
[PlyCount "79"]
[EventType "team-tourn"]
[EventRounds "9"]
[WhiteTeam "SV Gryps"]
[BlackTeam "SF Ostsee Warnemuende"]

1. e4 c5 2. Nc3 Nc6 3. f4 d6 4. Nf3 Nf6 5. Bb5 g6 6. Bxc6+ bxc6 7. b3 Bg7 8.
Rb1 Nh5 9. Ne2 Ba6 10. d3 f5 11. e5 dxe5 12. Nxe5 Bxe5 13. fxe5 Qd5 14. O-O
Qxe5 15. Qd2 O-O 16. Bb2 Qd6 17. Qh6 e5 18. Rbe1 Rae8 19. Rf3 Nf6 20. Ng3 Ng4
21. Qg5 h6 22. Nxf5 Rxf5 23. Qxg4 Rg5 24. Qe4 Bc8 25. Ref1 Bf5 26. Qc4+ Be6 27.
Qa4 Bd5 28. R3f2 Qd7 29. Qh4 Kh7 30. Bc1 Rh5 31. Qg3 Re7 32. Rf6 Rg7 33. Be3
Rf5 34. c4 Qe7 35. R1xf5 gxf5 36. Rxh6+ Kg8 37. Rg6 Be6 38. Bh6 Rxg6 39. Qxg6+
Kh8 40. Bg5 1-0

[Event "Verbandsliga MV 2014-15"]
[Site "Mecklenburg-Vorpommern"]
[Date "2015.03.15"]
[Round "7.4"]
[White "Hamann, Dirk"]
[Black "Hollatz, Michael"]
[Result "1-0"]
[WhiteElo "1892"]
[BlackElo "1776"]
[PlyCount "69"]
[EventType "team-tourn"]
[EventRounds "9"]
[WhiteTeam "SF Ostsee Warnemuende"]
[BlackTeam "SV Gryps"]

1. e4 e5 2. Nf3 Nc6 3. c3 Nf6 4. d4 exd4 5. e5 Nd5 6. cxd4 Bb4+ 7. Bd2 d6 8.
Bxb4 Ndxb4 9. d5 Bf5 10. Na3 dxe5 11. dxc6 Nxc6 12. Bb5 Qf6 13. Qa4 Bd7 14. Qe4
O-O 15. O-O Bf5 16. Qh4 Nd4 17. Qg3 Nxb5 18. Nxb5 Bd3 19. Nxc7 Bxf1 20. Nxa8
Bxg2 21. Kxg2 e4 22. Ng5 Qxb2 23. Re1 Rxa8 24. Qc7 Qxa2 25. Qxb7 Rf8 26. Qxe4
g6 27. h4 Qa5 28. Kg1 Qc5 29. Qe7 Qd4 30. Re4 Qd1+ 31. Kg2 a5 32. Nxh7 Rd8 33.
Nf6+ Kg7 34. Qe5 Kf8 35. Ne8 1-0

[Event "Verbandsliga MV 2014-15"]
[Site "Mecklenburg-Vorpommern"]
[Date "2015.03.15"]
[Round "7.5"]
[White "Sadewasser, Lucie"]
[Black "Birnbaum, Wolf Dieter"]
[Result "1/2-1/2"]
[WhiteElo "1682"]
[BlackElo "1784"]
[PlyCount "44"]
[EventType "team-tourn"]
[EventRounds "9"]
[WhiteTeam "SV Gryps"]
[BlackTeam "SF Ostsee Warnemuende"]

1. e4 Nf6 2. Nc3 d5 3. exd5 Nxd5 4. Bc4 Nb6 5. Bb3 Nc6 6. d3 Bf5 7. Qf3 e6 8.
Bf4 Bd6 9. Nge2 O-O 10. g4 Bg6 11. h4 h6 12. h5 Bh7 13. Bxd6 Qxd6 14. O-O-O a5
15. a4 Nd4 16. Nxd4 Qxd4 17. Nb5 Qb4 18. Nxc7 Rac8 19. Qg3 Rxc7 20. Qxc7 Rc8
21. Qxb7 Qxb3 22. c3 Rxc3+ 1/2-1/2

[Event "Verbandsliga MV 2014-15"]
[Site "Mecklenburg-Vorpommern"]
[Date "2015.03.15"]
[Round "7.6"]
[White "Schmidt, Reinhard"]
[Black "Wagner, Swenja"]
[Result "1-0"]
[WhiteElo "1815"]
[BlackElo "1491"]
[PlyCount "47"]
[EventType "team-tourn"]
[EventRounds "9"]
[WhiteTeam "SF Ostsee Warnemuende"]
[BlackTeam "SV Gryps"]

1. g4 d5 2. Bg2 Bxg4 3. c4 c6 4. cxd5 Qc7 5. Nc3 Nf6 6. Qb3 g6 7. d3 Bg7 8. Be3
O-O 9. Rc1 e6 10. h3 exd5 11. hxg4 Nxg4 12. Nxd5 Qd7 13. Bh3 cxd5 14. f3 Qe7
15. Bc5 Qh4+ 16. Kf1 Rc8 17. Bxg4 Qxh1 18. Bxc8 Nc6 19. Qxb7 Bd4 20. Bxd4 Nxd4
21. Qxa8 Nxe2 22. Kxe2 Qg2+ 23. Kd1 Qxg1+ 24. Kc2 1-0

[Event "Verbandsliga MV 2014-15"]
[Site "Mecklenburg-Vorpommern"]
[Date "2015.03.15"]
[Round "7.8"]
[White "Boecking, Uwe"]
[Black "Decker, Lutz"]
[Result "1/2-1/2"]
[WhiteElo "1782"]
[BlackElo "1075"]
[Annotator ",Dirk"]
[PlyCount "81"]
[EventType "team-tourn"]
[EventRounds "9"]
[WhiteTeam "SF Ostsee Warnemuende"]
[BlackTeam "SV Gryps"]

1. e4 e5 2. Nf3 Nc6 3. Bb5 Bc5 4. c3 d5 5. O-O d4 6. Nxe5 Qf6 7. Nxc6 bxc6 8.
e5 Qe6 9. Qf3 Ne7 10. d3 Rb8 11. Bc4 Nd5 12. Qe4 dxc3 13. bxc3 O-O 14. Ba3 Bxa3
15. Nxa3 Bb7 16. Qe1 c5 17. Nc2 Qg4 18. f3 Qg5 19. Bxd5 Bxd5 20. Qe3 Qe7 21. c4
Bc6 22. Rfb1 Ba4 23. Ne1 Rb6 24. Rxb6 cxb6 25. f4 Re8 26. Nf3 f6 27. Re1 Bc6
28. Kf2 Kf7 29. exf6 Qxe3+ 30. Rxe3 Rxe3 31. Kxe3 Kxf6 32. g4 h6 33. Nd2 g5 34.
f5 Ke5 35. Ne4 Bxe4 36. dxe4 a6 37. a4 a5 {hier endete die Partie mit
Remisgebot, einfach gewonnen war z.B.[} 38. h3 Kf6 39. e5+ Kxe5 40. Kf3 Kf6 (
40... h5 41. Ke3 h4 42. Kf3 Kf6 43. Ke4 $18) 41. Ke4 $18 1/2-1/2

[Event "Verbandsliga MV 2014-15"]
[Site "Mecklenburg-Vorpommern"]
[Date "2015.03.15"]
[Round "7.1"]
[White "Weyrich, Morten"]
[Black "Ispirjan, Mikael"]
[Result "1/2-1/2"]
[WhiteElo "2190"]
[BlackElo "1980"]
[PlyCount "109"]
[EventType "team-tourn"]
[EventRounds "9"]
[WhiteTeam "SF Schwerin  III"]
[BlackTeam "SAV Torgelow-Droegeheide 90"]

1. d4 Nf6 2. Bf4 c5 3. dxc5 Qa5+ 4. c3 Qxc5 5. Nf3 b6 6. g3 Ng4 7. Qd4 e6 8.
Nbd2 Bb7 9. Bxb8 Qxd4 10. cxd4 Rxb8 11. Bg2 Bb4 12. O-O d5 13. Rfc1 Nf6 14. a3
Bxd2 15. Nxd2 Kd7 16. f3 Rhc8 17. e3 Ba6 18. e4 dxe4 19. fxe4 Ng4 20. Bf1 Bb7
21. Bd3 h5 22. h3 Nf6 23. Kf2 Ke7 24. Ke3 Nd7 25. Nf3 f6 26. Bb5 a6 27. Bxd7
Kxd7 28. Nd2 Rxc1 29. Rxc1 Rc8 30. Nc4 Rc6 31. Rc3 b5 32. Na5 Rb6 33. Nb3 b4
34. Nc5+ Kd6 35. axb4 Rxb4 36. Nd3 Rb5 37. h4 e5 38. d5 f5 39. exf5 Bxd5 40. b4
Bf7 41. Rc5 Bd5 42. Rc8 a5 43. bxa5 Rxa5 44. Rc3 Ra1 45. Rc8 Ra3 46. Rd8+ Kc6
47. Kd2 Be4 48. Nxe5+ Kb5 49. Nf7 Kc6 50. Ne5+ Kb5 51. Nd3 Kc4 52. Rc8+ Kd4 53.
Rd8+ Kc4 54. Rc8+ Kd4 55. Rd8+ 1/2-1/2

[Event "Verbandsliga MV 2014-15"]
[Site "Mecklenburg-Vorpommern"]
[Date "2015.03.15"]
[Round "7.2"]
[White "Schmekel, Florian"]
[Black "Schreiber, Kevin"]
[Result "0-1"]
[WhiteElo "1795"]
[BlackElo "2020"]
[PlyCount "96"]
[EventType "team-tourn"]
[EventRounds "9"]
[WhiteTeam "SAV Torgelow-Droegeheide 90"]
[BlackTeam "SF Schwerin  III"]

1. d4 Nf6 2. c4 d6 3. Nf3 Nbd7 4. g3 e5 5. Nc3 c6 6. dxe5 dxe5 7. Qc2 Be7 8.
Bg2 O-O 9. O-O Qc7 10. b3 Re8 11. Nd2 Nf8 12. Bb2 Bg4 13. Nde4 Ne6 14. e3 Rad8
15. Nxf6+ Bxf6 16. h3 Bh5 17. g4 Bg6 18. Be4 Ng5 19. Bxg6 hxg6 20. Kg2 e4 21.
Rad1 Nf3 22. Rh1 Nh4+ 23. Kf1 Rxd1+ 24. Nxd1 Bxb2 25. Nxb2 Qa5 26. Ke2 Qe5 27.
Na4 Nf3 28. Nc3 f5 29. g5 Rd8 30. Rd1 Rxd1 31. Nxd1 Qh2 32. Qc3 Qxh3 33. Qa5 b6
34. Qb4 Qh5 35. Kf1 Nxg5 36. Qd6 c5 37. Nc3 Nf3 38. Qd1 Qh1+ 39. Ke2 Qxd1+ 40.
Kxd1 Ne5 41. Nb5 Nc6 42. a3 Kf7 43. Kd2 Ke6 44. Kc3 Ke5 45. b4 g5 46. Nc7 f4
47. Na6 Kd6 48. Kd2 Ne5 0-1

[Event "Verbandsliga MV 2014-15"]
[Site "Mecklenburg-Vorpommern"]
[Date "2015.03.15"]
[Round "7.3"]
[White "Westphal, Wolfgang"]
[Black "Zentgraf, Robert"]
[Result "0-1"]
[WhiteElo "2084"]
[BlackElo "2115"]
[PlyCount "100"]
[EventType "team-tourn"]
[EventRounds "9"]
[WhiteTeam "SF Schwerin  III"]
[BlackTeam "SAV Torgelow-Droegeheide 90"]

1. e4 g6 2. d4 Bg7 3. Nc3 c5 4. dxc5 Qa5 5. Bd2 Na6 6. Nb5 Qd8 7. b4 Nf6 8. Bc3
O-O 9. Bd3 b6 10. cxb6 Qxb6 11. a4 Bb7 12. Qe2 Rfc8 13. Bd4 Qe6 14. Nh3 Nxb4
15. O-O a6 16. Nc3 Qd6 17. e5 Qxd4 18. exf6 Bxf6 19. Ne4 Nxd3 20. Nxf6+ Qxf6
21. cxd3 Rc5 22. f3 Rac8 23. Nf2 Qg5 24. Ne4 Bxe4 25. fxe4 Rc2 26. Qf3 f6 27.
Rae1 Rb2 28. Re2 Rxe2 29. Qxe2 Rc1 30. h3 Qc5+ 31. Kh2 Qc7+ 32. Kh1 Qc2 33. Qf3
Rxf1+ 34. Qxf1 Qxa4 35. Qc1 Qc6 36. Qa3 Kf7 37. Qb3+ Kg7 38. Qa3 d6 39. Qa5 Qb5
40. Qd8 Qe5 41. Qe8 a5 42. h4 f5 43. Qc6 fxe4 44. dxe4 Qg3 45. Qd5 Qxh4+ 46.
Kg1 Qh5 47. Qb7 Qe5 48. Kf2 a4 49. Kf3 Qe6 50. Qb2+ Qf6+ 0-1

[Event "Verbandsliga MV 2014-15"]
[Site "Mecklenburg-Vorpommern"]
[Date "2015.03.15"]
[Round "7.4"]
[White "Lehmann, Ruben"]
[Black "Hueneburg, Christian"]
[Result "1-0"]
[WhiteElo "1850"]
[BlackElo "2087"]
[PlyCount "47"]
[EventType "team-tourn"]
[EventRounds "9"]
[WhiteTeam "SAV Torgelow-Droegeheide 90"]
[BlackTeam "SF Schwerin  III"]

1. d4 c5 2. d5 Nf6 3. c4 e6 4. Nc3 exd5 5. cxd5 d6 6. e4 g6 7. h3 Bg7 8. Nf3
O-O 9. Bd3 a6 10. a4 Re8 11. O-O Nbd7 12. Bf4 c4 13. Bc2 Nc5 14. Nd2 Nd3 15.
Bxd3 cxd3 16. Qf3 Nh5 17. Bh2 Qg5 18. Nc4 Be5 19. Qxd3 Nf4 20. Bxf4 Qxf4 21.
Nxe5 Rxe5 22. Qg3 Qxg3 23. fxg3 Bd7 24. Rf6 1-0

[Event "Verbandsliga MV 2014-15"]
[Site "Mecklenburg-Vorpommern"]
[Date "2015.03.15"]
[Round "7.5"]
[White "Hasselmann, Dieter"]
[Black "Bauer, Norbert"]
[Result "1/2-1/2"]
[WhiteElo "2057"]
[BlackElo "1957"]
[PlyCount "62"]
[EventType "team-tourn"]
[EventRounds "9"]
[WhiteTeam "SF Schwerin  III"]
[BlackTeam "SAV Torgelow-Droegeheide 90"]

1. e4 c5 2. c3 d5 3. exd5 Qxd5 4. Nf3 Nc6 5. d4 Bg4 6. Be2 cxd4 7. cxd4 e6 8.
O-O Nf6 9. Nc3 Qd8 10. Qa4 Be7 11. Ne5 Bxe2 12. Nxc6 Qd7 13. Re1 b5 14. Ne5
bxa4 15. Nxd7 Kxd7 16. Rxe2 a3 17. Bg5 Rhc8 18. Rc1 Rab8 19. b3 Nd5 20. Bd2
Nxc3 21. Rxc3 Rxc3 22. Bxc3 Rc8 23. Re3 Bf6 24. g3 Kd6 25. Kf1 Kd5 26. Ke2 Rc7
27. Kd2 Bxd4 28. Bxd4 Kxd4 29. Rd3+ Ke4 30. f3+ Ke5 31. b4 Rc4 1/2-1/2

[Event "Verbandsliga MV 2014-15"]
[Site "Mecklenburg-Vorpommern"]
[Date "2015.03.15"]
[Round "7.6"]
[White "Onasch, Paul"]
[Black "Roehl, Rainer"]
[Result "0-1"]
[WhiteElo "1975"]
[BlackElo "2007"]
[PlyCount "38"]
[EventType "team-tourn"]
[EventRounds "9"]
[WhiteTeam "SAV Torgelow-Droegeheide 90"]
[BlackTeam "SF Schwerin  III"]

1. d4 Nf6 2. Nf3 e6 3. Nbd2 d5 4. e3 b6 5. Bd3 Bb7 6. O-O Nbd7 7. Qe2 Ne4 8. c4
Bd6 9. b3 Qf6 10. Bb2 Qh6 11. g3 Ndf6 12. Ne5 Nxd2 13. Qxd2 Ne4 14. Qe2 Bxe5
15. dxe5 dxc4 16. Bxc4 O-O-O 17. Ba6 Bxa6 18. Qxa6+ Kb8 19. Rfd1 Nxf2 0-1

[Event "Verbandsliga MV 2014-15"]
[Site "Mecklenburg-Vorpommern"]
[Date "2015.03.15"]
[Round "7.7"]
[White "Helms, Sven"]
[Black "Massloch, Philipp"]
[Result "1-0"]
[WhiteElo "1928"]
[BlackElo "1639"]
[PlyCount "53"]
[EventType "team-tourn"]
[EventRounds "9"]
[WhiteTeam "SF Schwerin  III"]
[BlackTeam "SAV Torgelow-Droegeheide 90"]

1. d4 Nf6 2. c4 g6 3. Nc3 d5 4. Nf3 Bg7 5. Bg5 dxc4 6. e3 Nd5 7. Bxc4 Nxc3 8.
bxc3 O-O 9. Rb1 c5 10. O-O Qc7 11. Qe2 e6 12. Bf4 Qa5 13. Bd6 Rd8 14. Rb5 Qxc3
15. Bc7 Rd7 16. Rb3 Qxb3 17. axb3 Rxc7 18. dxc5 Rxc5 19. Rd1 Nc6 20. Bb5 Bf8
21. Nd2 a6 22. Bxc6 Rxc6 23. Nc4 b5 24. Qf3 Bb7 25. Na5 Rc1 26. Nxb7 Rac8 27.
g3 1-0

[Event "Verbandsliga MV 2014-15"]
[Site "Mecklenburg-Vorpommern"]
[Date "2015.03.15"]
[Round "7.8"]
[White "Schmekel, Felix"]
[Black "Goertz, Frank"]
[Result "0-1"]
[WhiteElo "1564"]
[BlackElo "1880"]
[PlyCount "114"]
[EventType "team-tourn"]
[EventRounds "9"]
[WhiteTeam "SAV Torgelow-Droegeheide 90"]
[BlackTeam "SF Schwerin  III"]

1. d4 d5 2. c4 c6 3. cxd5 cxd5 4. Nc3 Nf6 5. Bf4 e6 6. e3 Bd6 7. Bxd6 Qxd6 8.
Bd3 O-O 9. Nf3 Nc6 10. a3 e5 11. dxe5 Nxe5 12. Be2 Bd7 13. O-O Rad8 14. Qd2
Rfe8 15. Rfd1 Bc6 16. Rac1 Qe6 17. Nd4 Qe7 18. Na2 Ne4 19. Qb4 Qf6 20. Bf3 Qh4
21. Rc2 Ng4 22. Bxg4 Qxg4 23. f3 Qg5 24. fxe4 Qxe3+ 25. Kh1 dxe4 26. Rcd2 a5
27. Qc3 Qf4 28. Nxc6 Rxd2 29. Qxd2 Qxd2 30. Rxd2 bxc6 31. Nc3 f5 32. Kg1 Kf7
33. Ne2 Kf6 34. Rd6+ Ke5 35. Rxc6 Rb8 36. Rc2 f4 37. Kf1 Rb5 38. Nc3 Rc5 39.
Ke2 g5 40. h3 h5 41. Rd2 g4 42. hxg4 hxg4 43. Kf2 e3+ 44. Ke2 exd2 45. Kxd2 Rc8
46. Ke2 Rb8 47. Na4 Kd4 48. Kd2 Kc4 49. Kc2 Rh8 50. b3+ Kd4 51. b4 axb4 52.
axb4 Rh2 53. Kb3 Rxg2 54. b5 Rh2 55. b6 f3 56. Kb4 f2 57. Ka5 f1=Q 0-1

[Event "Verbandsliga MV 2014-15"]
[Site "Mecklenburg-Vorpommern"]
[Date "2015.04.12"]
[Round "8.1"]
[White "Schmekel, Florian"]
[Black "Mehl, Ronald"]
[Result "0-1"]
[WhiteElo "1795"]
[BlackElo "2095"]
[PlyCount "80"]
[EventType "team-tourn"]
[EventRounds "9"]
[WhiteTeam "SAV Torgelow-Droegeheide 90"]
[BlackTeam "FHSG Stralsund"]

1. d4 Nf6 2. c4 g6 3. g3 Bg7 4. Bg2 O-O 5. Nf3 c5 6. O-O cxd4 7. Nxd4 Qc7 8. b3
Nc6 9. Bb2 d6 10. Nd2 Qb6 11. Nxc6 bxc6 12. Rc1 Qa6 13. a4 Rb8 14. e4 Bg4 15.
Qc2 Qa5 16. Rfe1 Rfd8 17. h3 Be6 18. Bc3 Qc7 19. Red1 Nh5 20. Bxg7 Kxg7 21.
Qc3+ Kg8 22. Nf3 Qb6 23. Nd4 Qc5 24. Rd3 Bd7 25. Ne2 Be6 26. Nd4 Bd7 27. Rcd1
Ng7 28. Nc2 a5 29. e5 Bf5 30. Rd4 Bxc2 31. Qxc2 Ne6 32. R4d3 dxe5 33. Rd7 Nd4
34. Rxd8+ Rxd8 35. Qe4 f5 36. Qe3 e4 37. g4 e6 38. gxf5 gxf5 39. h4 Qd6 40. h5
Ne2+ 0-1

[Event "Verbandsliga MV 2014-15"]
[Site "Mecklenburg-Vorpommern"]
[Date "2015.04.12"]
[Round "8.2"]
[White "Hubert, Peter"]
[Black "Lehmann, Ruben"]
[Result "1-0"]
[WhiteElo "1999"]
[BlackElo "1850"]
[PlyCount "71"]
[EventType "team-tourn"]
[EventRounds "9"]
[WhiteTeam "FHSG Stralsund"]
[BlackTeam "SAV Torgelow-Droegeheide 90"]

1. c4 e6 2. Nc3 d5 3. d4 c6 4. e3 Nf6 5. Nf3 Nbd7 6. Bd3 dxc4 7. Bxc4 b5 8. Bd3
a6 9. O-O Bb7 10. Qe2 c5 11. Rd1 Qb6 12. b3 cxd4 13. exd4 Bd6 14. Ne4 Nxe4 15.
Bxe4 Bxe4 16. Qxe4 O-O 17. Bg5 Rac8 18. Qg4 f5 19. Qh4 Nf6 20. Bxf6 Rxf6 21.
Rac1 Rd8 22. Ne5 Bb8 23. Qh5 Rff8 24. Rc6 Qa5 25. Rxe6 Qxa2 26. Nc6 Bc7 27.
Ne7+ Kh8 28. Ng6+ Kg8 29. Nxf8 Rxf8 30. Re7 Bd8 31. Re8 Qxb3 32. Rxf8+ Kxf8 33.
Qxf5+ Bf6 34. Rc1 Qb4 35. Rc8+ Ke7 36. Rc7+ 1-0

[Event "Verbandsliga MV 2014-15"]
[Site "Mecklenburg-Vorpommern"]
[Date "2015.04.12"]
[Round "8.3"]
[White "Ehlers, Michael"]
[Black "Kohn, Andreas"]
[Result "1/2-1/2"]
[WhiteElo "1878"]
[BlackElo "1926"]
[PlyCount "58"]
[EventType "team-tourn"]
[EventRounds "9"]
[WhiteTeam "SAV Torgelow-Droegeheide 90"]
[BlackTeam "FHSG Stralsund"]

1. e4 e6 2. d4 d5 3. Nc3 Bb4 4. e5 c5 5. a3 Bxc3+ 6. bxc3 Nc6 7. Nf3 Qc7 8. a4
Nge7 9. Bb5 O-O 10. Ba3 cxd4 11. cxd4 Re8 12. O-O Bd7 13. Qd2 h6 14. Rab1 b6
15. Bd6 Qc8 16. Bd3 Na5 17. Bxe7 Rxe7 18. Qb4 Re8 19. Nd2 Qc7 20. Rfc1 Rec8 21.
Ba6 Rd8 22. Nb3 Nc4 23. Bxc4 Qxc4 24. Nd2 Qa6 25. Ra1 Rdc8 26. a5 bxa5 27. Qxa5
Qxa5 28. Rxa5 a6 29. Nb3 Rc3 1/2-1/2

[Event "Verbandsliga MV 2014-15"]
[Site "Mecklenburg-Vorpommern"]
[Date "2015.04.12"]
[Round "8.4"]
[White "Kohn, Thomas"]
[Black "Bauer, Norbert"]
[Result "1/2-1/2"]
[WhiteElo "1886"]
[BlackElo "1957"]
[PlyCount "109"]
[EventType "team-tourn"]
[EventRounds "9"]
[WhiteTeam "FHSG Stralsund"]
[BlackTeam "SAV Torgelow-Droegeheide 90"]

1. Nf3 c5 2. c4 Nf6 3. g3 b6 4. Bg2 Bb7 5. O-O e6 6. b3 d6 7. Bb2 Be7 8. d3 O-O
9. Nbd2 Nbd7 10. Qc2 Qc7 11. d4 cxd4 12. Nxd4 Bxg2 13. Kxg2 a6 14. Rfd1 Rac8
15. Rac1 Qb7+ 16. Kg1 b5 17. Qb1 Ne5 18. cxb5 axb5 19. Rxc8 Rxc8 20. Rc1 Ra8
21. a3 Bf8 22. Qc2 h5 23. N2f3 Nxf3+ 24. Nxf3 Qe4 25. Qc6 Qxc6 26. Rxc6 d5 27.
b4 Ne4 28. Rb6 Nd6 29. Bd4 Nc4 30. Rxb5 f6 31. Rb7 e5 32. Bc5 Bxc5 33. bxc5 Rc8
34. a4 Rxc5 35. Rb5 Rxb5 36. axb5 Kf7 37. Kf1 Ke6 38. Ke1 Nd6 39. b6 Kd7 40. h3
Kc6 41. Nh4 Kxb6 42. e3 Kc5 43. Ng6 Kc4 44. f4 Kd3 45. fxe5 fxe5 46. Nxe5+ Kxe3
47. g4 Kf4 (47... Nc4 $1 $19) 48. Ng6+ Kg5 49. gxh5 d4 50. Ke2 Nf5 51. Kd3 Kxh5
52. Ne5 Kg5 53. Ke4 g6 54. Nf3+ Kh5 55. Ne5 1/2-1/2

[Event "Verbandsliga MV 2014-15"]
[Site "Mecklenburg-Vorpommern"]
[Date "2015.04.12"]
[Round "8.5"]
[White "Onasch, Paul"]
[Black "Manke, Karsten"]
[Result "1/2-1/2"]
[WhiteElo "1975"]
[BlackElo "1781"]
[PlyCount "55"]
[EventType "team-tourn"]
[EventRounds "9"]
[WhiteTeam "SAV Torgelow-Droegeheide 90"]
[BlackTeam "FHSG Stralsund"]

1. d4 Nf6 2. Nf3 e6 3. Nbd2 d5 4. e3 c5 5. c3 a6 6. Bd3 Nc6 7. O-O Bd6 8. dxc5
Bxc5 9. e4 dxe4 10. Nxe4 Be7 11. Qe2 O-O 12. Rd1 Qc7 13. Nfg5 Nxe4 14. Qxe4 f5
15. Qe2 Bxg5 16. Bxg5 Kh8 17. Be3 e5 18. Bc5 Rf6 19. f3 e4 20. fxe4 Ne5 21. b4
fxe4 22. Bxe4 Bg4 23. Qd2 Bxd1 24. Rxd1 Ng4 25. Bd6 Qb6+ 26. Bc5 Qc7 27. Bd6
Qb6+ 28. Bc5 1/2-1/2

[Event "Verbandsliga MV 2014-15"]
[Site "Mecklenburg-Vorpommern"]
[Date "2015.04.12"]
[Round "8.6"]
[White "Giese, Lothar"]
[Black "Massloch, Philipp"]
[Result "1/2-1/2"]
[WhiteElo "1787"]
[BlackElo "1639"]
[PlyCount "65"]
[EventType "team-tourn"]
[EventRounds "9"]
[WhiteTeam "FHSG Stralsund"]
[BlackTeam "SAV Torgelow-Droegeheide 90"]

1. c4 e5 2. Nc3 Nc6 3. d3 f5 4. g3 Nf6 5. Bg2 Bb4 6. a3 Bxc3+ 7. bxc3 O-O 8. e3
d6 9. Nf3 Qe8 10. O-O Qh5 11. Nd2 Qg6 12. f4 e4 13. d4 h5 14. Qe1 Kf7 15. h4
Ng4 16. Bh3 Ke7 17. Nb3 b6 18. d5 Nb8 19. Bxg4 Qxg4 20. Kg2 Ba6 21. Nd2 Nd7 22.
Qd1 Qg6 23. Qc2 Nc5 24. Rg1 Rf6 25. a4 Qg4 26. Qd1 Rg6 27. Qxg4 Rxg4 28. a5 Bb7
29. Ba3 c6 30. Bxc5 bxc5 31. a6 Bc8 32. Rgd1 $2 (32. dxc6 $18 Kd8 33. Rgb1 Kc7
34. Rb7+ Bxb7 (34... Kxc6 35. Re7 Rg6 36. Nb3) 35. axb7 Rb8 36. Ra6) 32... Rg6
33. Nb3 1/2-1/2

[Event "Verbandsliga MV 2014-15"]
[Site "Mecklenburg-Vorpommern"]
[Date "2015.04.12"]
[Round "8.7"]
[White "Balz, Christian"]
[Black "Klepin, Wilfried"]
[Result "1/2-1/2"]
[WhiteElo "1613"]
[BlackElo "1849"]
[PlyCount "71"]
[EventType "team-tourn"]
[EventRounds "9"]
[WhiteTeam "SAV Torgelow-Droegeheide 90"]
[BlackTeam "FHSG Stralsund"]

1. e4 d5 2. exd5 Qxd5 3. Nc3 Qa5 4. d4 c6 5. Nf3 Bg4 6. h3 Bh5 7. Bd2 Qb6 8.
Bc4 e6 9. g4 Bg6 10. Bb3 Nf6 11. Qe2 Bb4 12. O-O-O Nbd7 13. Rhe1 O-O-O 14. Nb1
Bxd2+ 15. Nbxd2 Qc7 16. Nc4 Nd5 17. Nfe5 b5 18. Nd2 Nxe5 19. dxe5 a6 20. Bxd5
cxd5 21. Nb3 h5 22. Nd4 hxg4 23. hxg4 Kb7 24. Rh1 Rc8 25. Rxh8 Rxh8 26. Rg1 Rh3
27. f3 Qc5 28. Rd1 Kb6 29. Qg2 Rh8 30. Qe2 a5 31. Qd2 a4 32. Qe2 Re8 33. Qd2 b4
34. Re1 Re7 35. Re3 Qc4 $2 36. b3 $18 (36. b3 Qc5 37. bxa4 Ra7 38. Rb3 Rxa4 39.
a3 $18) 1/2-1/2

[Event "Verbandsliga MV 2014-15"]
[Site "Mecklenburg-Vorpommern"]
[Date "2015.04.12"]
[Round "8.8"]
[White "Glawe, Hartmut"]
[Black "Schmekel, Felix"]
[Result "1-0"]
[WhiteElo "1865"]
[BlackElo "1564"]
[PlyCount "151"]
[EventType "team-tourn"]
[EventRounds "9"]
[WhiteTeam "FHSG Stralsund"]
[BlackTeam "SAV Torgelow-Droegeheide 90"]

1. d4 g6 2. c4 Bg7 3. Nc3 d6 4. e4 Nd7 5. Nf3 e5 6. Be2 Ne7 7. O-O O-O 8. Bg5
exd4 9. Nxd4 Nc5 10. Qd2 Ne6 11. Nxe6 Bxe6 12. Nd5 f6 13. Bh6 Nc6 14. h4 Ne5
15. Bxg7 Kxg7 16. f4 Nd7 17. h5 Bf7 18. Rf3 Rh8 19. Raf1 Bxd5 20. cxd5 Qe7 21.
Qd4 a6 22. g4 Rae8 23. Bd3 gxh5 24. g5 Rhf8 25. Rh3 Kg8 26. Rxh5 Nc5 27. gxf6
Qxf6 28. e5 dxe5 29. Qxc5 exf4 30. Bxh7+ Kg7 31. Qc3 (31. Kh1 $3) 31... Qxc3
32. bxc3 Rh8 33. Rxf4 Rxh7 34. Rxh7+ Kxh7 35. Rf7+ Kg6 36. Rxc7 Rb8 37. d6 (37.
Kf2 Kf5 38. Ke3 Ke5 39. c4) 37... Rd8 38. d7 b5 39. Ra7 Kf7 40. Kf2 Ke7 41. Ke3
Rxd7 42. Rxa6 Rb7 43. Rh6 Rb8 44. Kd4 b4 45. c4 b3 46. axb3 Rxb3 47. Kc5 Kd7
48. Rh7+ Kc8 49. Kc6 Kb8 50. Rh8+ Ka7 51. c5 Rb1 52. Rd8 Rh1 53. Kc7 Rh5 54. c6
Rh6 55. Rd6 Rh7+ 56. Rd7 Rh8 57. Rg7 Rh1 58. Kd8+ Ka8 $4 (58... Kb6 $11 59. c7
Rh8+ 60. Kd7 Kb7 61. Kd6 Rh3) 59. Rg8 Rd1+ 60. Kc8 Ka7 61. c7 Rh1 62. Rd8 Rh2
63. Rd6 Rh8+ 64. Rd8 Rh2 65. Kd7 Rh7+ 66. Kc6 Rh6+ 67. Rd6 Rh8 68. Re6 Ka8 69.
Rd6 Ka7 70. Rd8 Rh6+ 71. Kc5 Rh5+ 72. Kd6 Rh6+ 73. Ke5 Rh5+ 74. Kf4 Rc5 75.
c8=Q Rc6 76. Rd7+ 1-0